[Event "Titled Tuesday intern op 03rd Sep Early"]
[Site "Chess.com INT"]
[Date "2024.09.03"]
[Round "10"]
[White "Adamovics, Aleksejs"]
[Black "Tqebuchava, Zurab"]
[Result "1-0"]
[WhiteElo "2163"]
[BlackElo "2303"]
[PlyCount "73"]
[EventDate "2024.09.03"]
[EventType "swiss (blitz)"]
[EventRounds "11"]
[EventCountry "USA"]
[SourceTitle "EXT 2025"]
[Source "ChessBase"]
[SourceDate "2024.10.14"]
[SourceVersion "1"]
[SourceVersionDate "2024.10.14"]
[SourceQuality "1"]

1. c4 g6 2. Nf3 Bg7 3. Nc3 d6 4. b3 Nf6 5. Bb2 Ne4 6. Qc2 Nxc3 7. Bxc3 0-0 8. g3 b6 9. Bg2 Bb7 10. 0-0 Nd7 11. d4 Nf6 12. Nd2 Bxg2 13. Kxg2 Qd7 14. e4 Rad8 15. f4 c5 16. d5 e6 17. Qd3 exd5 18. cxd5 Rfe8 19. Rae1 b5 20. h3 Kh8 21. g4 Ng8 22. Bxg7+ Kxg7 23. Nf3 f6 24. Rd1 Rc8 25. Rfe1 c4 26. bxc4 bxc4 27. Qc3 Qa4 28. e5 Qxa2+ 29. Rd2 Qb3 30. Qd4 dxe5 31. fxe5 c3 32. exf6+ Nxf6 33. Rde2 Qxd5 34. Re7+ Rxe7 35. Rxe7+ Kg8 36. Qxf6 Qa2+ 37. Kg3 1-0

[Event "Titled Tuesday intern op 03rd Sep Early"]
[Site "Chess.com INT"]
[Date "2024.09.03"]
[Round "3"]
[White "Diachek, Andriy"]
[Black "Tqebuchava, Zurab"]
[Result "1-0"]
[WhiteElo "2162"]
[BlackElo "2303"]
[PlyCount "91"]
[EventDate "2024.09.03"]
[EventType "swiss (blitz)"]
[EventRounds "11"]
[EventCountry "USA"]
[SourceTitle "EXT 2025"]
[Source "ChessBase"]
[SourceDate "2024.10.14"]
[SourceVersion "1"]
[SourceVersionDate "2024.10.14"]
[SourceQuality "1"]

1. e4 g6 2. d4 Bg7 3. Nc3 d6 4. Be3 c6 5. Qd2 Nd7 6. Nf3 b6 7. Bd3 c5 8. h4 h5 9. Bc4 e6 10. dxc5 Nxc5 11. 0-0-0 Nf6 12. Bb5+ Bd7 13. Qxd6 Bxb5 14. Nxb5 Qxd6 15. Nxd6+ Ke7 16. Bg5 Bh6 17. e5 Bxg5+ 18. Nxg5 Ng4 19. Ndxf7 Nxf2 20. Nxh8 Rxh8 21. Rhf1 Nxd1 22. Rf7+ Ke8 23. Kxd1 Rf8 24. Rxf8+ Kxf8 25. b4 Na6 26. Nxe6+ Kf7 27. Nd8+ Ke7 28. Nc6+ Ke6 29. Kd2 Kd5 30. b5 Nc7 31. a4 a5 32. Kd3 Ne6 33. c4+ Kc5 34. Ne7 Nf4+ 35. Kc3 Ne2+ 36. Kd3 Nf4+ 37. Ke4 Nxg2 38. Nxg6 Ne1 39. Kf5 Nf3 40. e6 Kd6 41. Kf6 Nd2 42. e7 Ne4+ 43. Kf7 Kc5 44. Kf8 Nd6 45. Ne5 Kb4 46. Nf7 1-0

[Event "Titled Tuesday intern op 03rd Sep Early"]
[Site "Chess.com INT"]
[Date "2024.09.03"]
[Round "7"]
[White "Tqebuchava, Zurab"]
[Black "Lama, Himal"]
[Result "1-0"]
[WhiteElo "2303"]
[BlackElo "2059"]
[PlyCount "61"]
[EventDate "2024.09.03"]
[EventType "swiss (blitz)"]
[EventRounds "11"]
[EventCountry "USA"]
[SourceTitle "EXT 2025"]
[Source "ChessBase"]
[SourceDate "2024.10.14"]
[SourceVersion "1"]
[SourceVersionDate "2024.10.14"]
[SourceQuality "1"]

1. e4 c5 2. Nf3 d6 3. Bb5+ Nd7 4. 0-0 Ngf6 5. d3 a6 6. Bxd7+ Bxd7 7. h3 e5 8. c3 g6 9. Re1 Bg7 10. d4 cxd4 11. cxd4 exd4 12. Qxd4 Qe7 13. Bf4 Nh5 14. e5 Nxf4 15. Qxf4 dxe5 16. Qd2 0-0 17. Nc3 Bc6 18. Qe3 Rfe8 19. Rad1 f6 20. Nd5 Bxd5 21. Rxd5 Rad8 22. Red1 Rxd5 23. Rxd5 Rd8 24. Rxd8+ Qxd8 25. Qb3+ Kh8 26. Qxb7 e4 27. Nd4 h5 28. Qxg7+ Kxg7 29. Ne6+ Kf7 30. Nxd8+ Ke7 31. Nc6+ 1-0

[Event "Titled Tuesday intern op 03rd Sep Early"]
[Site "Chess.com INT"]
[Date "2024.09.03"]
[Round "6"]
[White "Tqebuchava, Zurab"]
[Black "Momunaliev, Ruslan"]
[Result "1-0"]
[WhiteElo "2303"]
[BlackElo "2019"]
[PlyCount "139"]
[EventDate "2024.09.03"]
[EventType "swiss (blitz)"]
[EventRounds "11"]
[EventCountry "USA"]
[SourceTitle "EXT 2025"]
[Source "ChessBase"]
[SourceDate "2024.10.14"]
[SourceVersion "1"]
[SourceVersionDate "2024.10.14"]
[SourceQuality "1"]

1. e4 c5 2. Nf3 e6 3. b3 d6 4. Bb2 Nf6 5. e5 dxe5 6. Nxe5 Be7 7. Bb5+ Nbd7 8. 0-0 0-0 9. Bxd7 Bxd7 10. Nxd7 Qxd7 11. Qf3 Rfd8 12. d3 Qd5 13. Nd2 Qxf3 14. Nxf3 Nd5 15. a3 Bf6 16. Bxf6 gxf6 17. g3 Kf8 18. Rfe1 Ke7 19. Re4 Rac8 20. Kf1 b5 21. a4 Nc3 22. Rh4 bxa4 23. Rc4 Nd5 24. Rcxa4 Nb4 25. Rxa7+ Ke8 26. Ne1 e5 27. f3 f5 28. Ke2 Rc6 29. Rb7 Re6 30. Raa7 Nc6 31. Ra4 Nd4+ 32. Kf2 e4 33. fxe4 fxe4 34. dxe4 Rxe4 35. Raa7 Nc6 36. Ra6 Rd2+ 37. Kf3 Re6 38. Ra8+ Nd8 39. Nd3 Rxc2 40. Rbb8 Rd6 41. Nf4 Rcd2 42. Ra7 Rd7 43. Rxd7 Rxd7 44. Rc8 Ke7 45. Rxc5 Rb7 46. Rc3 Kd6 47. Rd3+ Ke5 48. Rxd8 Rxb3+ 49. Kg2 f5 50. Rd7 h6 51. Rh7 Rb6 52. Rg7 Ke4 53. Rg6 Rb2+ 54. Kh3 Kf3 55. Rd6 Rb8 56. Rxh6 Rc8 57. Kh4 Rd8 58. Kg5 Ke4 59. Re6+ Kd4 60. Kxf5 Rf8+ 61. Rf6 Rh8 62. h4 Re8 63. h5 Re5+ 64. Kg6 Re3 65. g4 Rg3 66. g5 Ke5 67. Re6+ Kd4 68. h6 Rf3 69. Rf6 Rxf4 70. Rxf4+ 1-0

[Event "Titled Tuesday intern op 16th Jul Early"]
[Site "Chess.com INT"]
[Date "2024.07.16"]
[Round "3"]
[White "Tqebuchava, Zurab"]
[Black "Ruiz Vazquez, Javier"]
[Result "1-0"]
[WhiteElo "2303"]
[BlackElo "2237"]
[PlyCount "103"]
[EventDate "2024.07.16"]
[EventType "swiss (blitz)"]
[EventRounds "11"]
[EventCountry "USA"]
[SourceTitle "EXT 2025"]
[Source "ChessBase"]
[SourceDate "2024.10.14"]
[SourceVersion "1"]
[SourceVersionDate "2024.10.14"]
[SourceQuality "1"]

1. e4 c6 2. Nc3 d5 3. exd5 cxd5 4. d4 Nf6 5. h3 h5 6. Bd3 g6 7. Nf3 Bf5 8. Bxf5 gxf5 9. h4 e6 10. Bg5 Nbd7 11. Qd2 Be7 12. 0-0-0 b5 13. Ne5 b4 14. Nxd7 Qxd7 15. Nb1 Qa4 16. Bxf6 Bxf6 17. a3 bxa3 18. Nxa3 Be7 19. Rh3 Kd7 20. Re1 Rhc8 21. Ree3 Rab8 22. Rc3 Bb4 23. Nb1 Bxc3 24. Rxc3 Rxc3 25. Qxc3 Rc8 26. Qd3 Qc4 27. Qd1 Qc7 28. Nc3 Qf4+ 29. Kb1 Qxh4 30. Qd3 Qxf2 31. Qb5+ Kd8 32. Qa5+ Rc7 33. Nb5 Qf1+ 34. Ka2 Qc4+ 35. Kb1 Qxc2+ 36. Ka2 f4 37. Nxc7 Qxc7 38. Qe1 Qc4+ 39. Ka1 Qxd4 40. Qa5+ Ke7 41. Qc7+ Kf6 42. Qd8+ Kg6 43. Qg8+ Qg7 44. Qd8 Qf6 45. Qg8+ Kf5 46. Qh7+ Qg6 47. Qh8 f6 48. Qd8 Kg4 49. Qa5 Kf5 50. Qa6 Qxg2 51. Qxa7 Qg1+ 52. Qxg1 1-0

[Event "Titled Tuesday intern op 02nd Jul Late"]
[Site "Chess.com INT"]
[Date "2024.07.02"]
[Round "6"]
[White "Tqebuchava, Zurab"]
[Black "Liu, Yi"]
[Result "1-0"]
[WhiteElo "2303"]
[BlackElo "2268"]
[PlyCount "77"]
[EventDate "2024.07.02"]
[EventType "swiss (blitz)"]
[EventRounds "11"]
[EventCountry "USA"]
[SourceTitle "EXT 2025"]
[Source "ChessBase"]
[SourceDate "2024.10.14"]
[SourceVersion "1"]
[SourceVersionDate "2024.10.14"]
[SourceQuality "1"]

1. e4 e6 2. d3 d5 3. Nd2 c5 4. exd5 exd5 5. Ngf3 Nf6 6. Be2 Bd6 7. 0-0 0-0 8. d4 b6 9. dxc5 bxc5 10. Nb3 Nc6 11. Bg5 h6 12. Bxf6 gxf6 13. Qd2 Kg7 14. Rad1 Be6 15. c3 a5 16. Qe3 Qb6 17. Nbd2 Qc7 18. Rfe1 Rab8 19. b3 Rfe8 20. Qd3 Ne5 21. Nxe5 fxe5 22. h3 e4 23. Qc2 f5 24. Bh5 Rg8 25. Nf1 Kf6 26. Qd2 Rg5 27. Be2 Bf4 28. Ne3 Rbg8 29. Bf1 Kf7 30. Qc2 h5 31. Nxd5 Bxd5 32. Rxd5 Bd6 33. Qd2 Ke6 34. Rd1 Rd8 35. Qxg5 Bh2+ 36. Kh1 Rxd5 37. Qg8+ Qf7 38. Qxf7+ Kxf7 39. Rxd5 1-0

[Event "Titled Tuesday intern op 02nd Jul Late"]
[Site "Chess.com INT"]
[Date "2024.07.02"]
[Round "10"]
[White "Tqebuchava, Zurab"]
[Black "Petr, Jan1"]
[Result "0-1"]
[WhiteElo "2303"]
[BlackElo "2282"]
[PlyCount "76"]
[EventDate "2024.07.02"]
[EventType "swiss (blitz)"]
[EventRounds "11"]
[EventCountry "USA"]
[SourceTitle "EXT 2025"]
[Source "ChessBase"]
[SourceDate "2024.10.14"]
[SourceVersion "1"]
[SourceVersionDate "2024.10.14"]
[SourceQuality "1"]

1. e4 e5 2. Nf3 Nc6 3. Bb5 a6 4. Ba4 Nge7 5. 0-0 g6 6. c3 Bg7 7. d4 exd4 8. cxd4 b5 9. Bb3 0-0 10. d5 Na5 11. d6 cxd6 12. Qxd6 Nxb3 13. axb3 Bb7 14. Nc3 Re8 15. Bg5 Rc8 16. Nd5 Bxd5 17. exd5 h6 18. Bxe7 Qxe7 19. Rxa6 Bxb2 20. Qxe7 Rxe7 21. Rb6 Rc5 22. d6 Re6 23. g3 Rd5 24. Rb1 Bc3 25. Rb8+ Kg7 26. Rc1 b4 27. Kg2 Rexd6 28. Rc2 Rd1 29. Rb7 Rb1 30. Re2 Kf6 31. Rb8 Rxb3 32. Rf8 Rb2 33. Re4 g5 34. h4 Ra6 35. hxg5+ hxg5 36. Nh2 Raa2 37. Ng4+ Kg7 38. Re7 Kxf8 0-1

[Event "Titled Tuesday intern op 05th Mar Early"]
[Site "Chess.com INT"]
[Date "2024.03.05"]
[Round "9"]
[White "Kukreja, Sankalp"]
[Black "Tqebuchava, Zurab"]
[Result "1/2-1/2"]
[WhiteElo "2158"]
[BlackElo "2303"]
[PlyCount "172"]
[EventDate "2024.03.05"]
[EventType "swiss (blitz)"]
[EventRounds "11"]
[EventCountry "USA"]
[SourceTitle "EXT 2025"]
[Source "ChessBase"]
[SourceDate "2024.10.14"]
[SourceVersion "1"]
[SourceVersionDate "2024.10.14"]
[SourceQuality "1"]

1. e4 g6 2. d4 Bg7 3. Nf3 c6 4. c4 d5 5. exd5 cxd5 6. Nc3 Nf6 7. Bg5 dxc4 8. Bxc4 0-0 9. 0-0 Bg4 10. h3 Bxf3 11. Qxf3 Nc6 12. Rad1 Qb6 13. Bxf6 exf6 14. Nd5 Qxb2 15. Nxf6+ Kh8 16. Nd7 Nxd4 17. Qd5 Rad8 18. Rb1 Qd2 19. Rfd1 Ne2+ 20. Bxe2 Qxe2 21. Qxb7 Rfe8 22. Rf1 Re7 23. Rbd1 Qe6 24. Qc7 Rexd7 25. Qxd8+ Rxd8 26. Rxd8+ Bf8 27. Rxf8+ Kg7 28. Ra8 Qxa2 29. Re1 a5 30. Re7 a4 31. Rea7 Qb1+ 32. Kh2 Qc2 33. f3 Qc5 34. Rxa4 Qc7+ 35. f4 Qd6 36. R8a7 h5 37. Rc4 Qb8 38. Rcc7 g5 39. Rxf7+ Kg6 40. Rg7+ Kf6 41. Raf7+ Ke6 42. Re7+ Kf6 43. Ref7+ Ke6 44. g3 gxf4 45. Rxf4 Qb2+ 46. Kg1 Qc1+ 47. Kg2 Qb2+ 48. Rf2 Qxg7 49. Re2+ Kd7 50. Rf2 Kc6 51. Re2 Qb7 52. Rf2 Kd7+ 53. Kh2 Qb6 54. Kg2 Qc6+ 55. Kh2 Qc5 56. Kg2 Qd5+ 57. Kh2 Qd4 58. Kg2 Qc4 59. Rf4 Qc2+ 60. Rf2 Qc5 61. Rf7+ Ke6 62. Rf2 Qd5+ 63. Kh2 Qd6 64. Kg2 Qc6+ 65. Kh2 Qd6 66. Kg2 Qd4 67. Rf4 Qd2+ 68. Rf2 Qd6 69. Re2+ Kf5 70. Rf2+ Kg6 71. Re2 Qd5+ 72. Kh2 Qd3 73. Rf2 Qe3 74. Kg2 Qe4+ 75. Kh2 Qe5 76. Kg2 Qd5+ 77. Kh2 Qd6 78. Kg2 Qd5+ 79. Kh2 Qd4 80. Kg2 Qc5 81. Re2 Qd4 82. Rf2 Qc5 83. Re2 Qd5+ 84. Kh2 Qd4 85. Kg2 Qd3 86. Rf2 Qd5+ 1/2-1/2

[Event "Titled Tuesday intern op 05th Mar Early"]
[Site "Chess.com INT"]
[Date "2024.03.05"]
[Round "1"]
[White "Yeritsyan, Hayk"]
[Black "Tqebuchava, Zurab"]
[Result "1-0"]
[WhiteElo "2203"]
[BlackElo "2303"]
[PlyCount "87"]
[EventDate "2024.03.05"]
[EventType "swiss (blitz)"]
[EventRounds "11"]
[EventCountry "USA"]
[SourceTitle "EXT 2025"]
[Source "ChessBase"]
[SourceDate "2024.10.14"]
[SourceVersion "1"]
[SourceVersionDate "2024.10.14"]
[SourceQuality "1"]

1. c4 g6 2. g3 Bg7 3. Bg2 c5 4. Nc3 Nc6 5. e3 Nf6 6. Nge2 0-0 7. 0-0 d6 8. d4 cxd4 9. Nxd4 Nxd4 10. exd4 Rb8 11. h3 Be6 12. b3 Qd7 13. Kh2 h5 14. Be3 d5 15. c5 b6 16. b4 bxc5 17. bxc5 Rb2 18. Qc1 Rfb8 19. Bf4 R8b4 20. a3 R4b3 21. Nd1 Re2 22. Rb1 Qb5 23. Nc3 Rxb1 24. Nxb5 Rxc1 25. Rxc1 Rxf2 26. c6 Rb2 27. Nxa7 Ne4 28. c7 Bxd4 29. c8Q+ Bxc8 30. Nxc8 e5 31. Bh6 Ra2 32. Ne7+ Kh7 33. Bf8 Nd2 34. Nxd5 e4 35. Kh1 h4 36. gxh4 e3 37. Bb4 e2 38. Nf4 Nb3 39. Re1 Be5 40. Nxe2 Nd4 41. Nxd4 Bxd4 42. Rd1 Be5 43. Bd5 Kg7 44. Bxa2 1-0

[Event "Titled Tuesday intern op 27th Feb Early"]
[Site "Chess.com INT"]
[Date "2024.02.27"]
[Round "2"]
[White "Tqebuchava, Zurab"]
[Black "Offermann, Fernando"]
[Result "0-1"]
[WhiteElo "2303"]
[BlackElo "2075"]
[PlyCount "88"]
[EventDate "2024.02.27"]
[EventType "swiss (blitz)"]
[EventRounds "11"]
[EventCountry "USA"]
[SourceTitle "EXT 2025"]
[Source "ChessBase"]
[SourceDate "2024.10.14"]
[SourceVersion "1"]
[SourceVersionDate "2024.10.14"]
[SourceQuality "1"]

1. e4 c5 2. Nf3 d6 3. Bb5+ Nd7 4. 0-0 a6 5. Bxd7+ Bxd7 6. h3 e5 7. c3 f5 8. exf5 Bxf5 9. d4 e4 10. Nh2 Nf6 11. dxc5 dxc5 12. Qxd8+ Rxd8 13. Bg5 Kf7 14. Na3 b5 15. Nc2 h6 16. Bxf6 Kxf6 17. Ne3 Be6 18. Nhg4+ Kg5 19. Rad1 Bd6 20. c4 h5 21. Nh2 Be5 22. b3 Rd3 23. Nf3+ Kf6 24. Nxe5 Kxe5 25. cxb5 axb5 26. Rc1 Rc8 27. Rc2 c4 28. bxc4 bxc4 29. Rfc1 Kd4 30. a4 c3 31. a5 Bb3 32. Re2 Ra8 33. Nf5+ Ke5 34. Ne7 Rd1+ 35. Re1 Rxe1+ 36. Rxe1 c2 37. Rc1 Kd4 38. Nf5+ Kc3 39. Re1 Rd8 40. Ne3 Kb4 41. a6 Rd1 42. Nxd1 c1Q 43. a7 Bd5 44. a8Q Bxa8 0-1

[Event "Titled Tuesday intern op 20th Feb Early"]
[Site "Chess.com INT"]
[Date "2024.02.20"]
[Round "1"]
[White "Dobrikov, Marco"]
[Black "Tqebuchava, Zurab"]
[Result "1-0"]
[WhiteElo "2248"]
[BlackElo "2303"]
[PlyCount "81"]
[EventDate "2024.02.20"]
[EventType "swiss (blitz)"]
[EventRounds "11"]
[EventCountry "USA"]
[SourceTitle "EXT 2025"]
[Source "ChessBase"]
[SourceDate "2024.10.14"]
[SourceVersion "1"]
[SourceVersionDate "2024.10.14"]
[SourceQuality "1"]

1. d4 g6 2. e4 Bg7 3. h4 h5 4. Nh3 c6 5. Ng5 d6 6. Be3 Bg4 7. f3 Bc8 8. c3 Nf6 9. Qb3 e6 10. e5 Nd5 11. Bf2 dxe5 12. dxe5 Bxe5 13. Nd2 a5 14. Nde4 a4 15. Qc2 a3 16. b3 f5 17. Bd4 Bxd4 18. cxd4 fxe4 19. Qxe4 Qa5+ 20. Kf2 Ne7 21. Bc4 Qf5 22. Qe3 Nd5 23. Bxd5 cxd5 24. Rac1 Nc6 25. Rhe1 0-0 26. Kg1 Qf4 27. Qd3 Qxd4+ 28. Qxd4 Nxd4 29. Rc7 Rd8 30. Rd1 Nb5 31. Re7 Bd7 32. g4 hxg4 33. fxg4 Rac8 34. h5 gxh5 35. gxh5 Rc7 36. h6 Bc8 37. h7+ Kh8 38. Rxc7 Nxc7 39. Nf7+ Kxh7 40. Nxd8 Kg6 41. Rc1 1-0

[Event "Titled Tuesday intern op 20th Feb Early"]
[Site "Chess.com INT"]
[Date "2024.02.20"]
[Round "9"]
[White "Tqebuchava, Zurab"]
[Black "Dinu, Dumitru Daniel"]
[Result "0-1"]
[WhiteElo "2303"]
[BlackElo "2190"]
[PlyCount "70"]
[EventDate "2024.02.20"]
[EventType "swiss (blitz)"]
[EventRounds "11"]
[EventCountry "USA"]
[SourceTitle "EXT 2025"]
[Source "ChessBase"]
[SourceDate "2024.10.14"]
[SourceVersion "1"]
[SourceVersionDate "2024.10.14"]
[SourceQuality "1"]

1. e3 c5 2. e4 g6 3. Nf3 Bg7 4. Nc3 Nc6 5. Bb5 d6 6. Bxc6+ bxc6 7. h3 Nf6 8. 0-0 0-0 9. e5 Nd7 10. exd6 exd6 11. d3 Rb8 12. Re1 Re8 13. Ne4 d5 14. Nc3 Rxe1+ 15. Qxe1 Qc7 16. Qe8+ Nf8 17. Qe1 Be6 18. g3 Re8 19. Bf4 Qd7 20. Ne5 Bxe5 21. Qxe5 Bxh3 22. Qg5 Ne6 23. Qh6 Nxf4 24. Qxf4 Be6 25. Na4 c4 26. dxc4 dxc4 27. Re1 Bd5 28. Re3 Rxe3 29. Qxe3 Qh3 30. Qe8+ Kg7 31. Qe5+ Kh6 32. Qf4+ g5 33. Qf6+ Kh5 34. g4+ Qxg4+ 35. Kf1 Qd1# 0-1

[Event "Titled Tuesday intern op 20th Feb Early"]
[Site "Chess.com INT"]
[Date "2024.02.20"]
[Round "5"]
[White "Tqebuchava, Zurab"]
[Black "Rees, Ioan"]
[Result "1-0"]
[WhiteElo "2303"]
[BlackElo "2266"]
[PlyCount "120"]
[EventDate "2024.02.20"]
[EventType "swiss (blitz)"]
[EventRounds "11"]
[EventCountry "USA"]
[SourceTitle "EXT 2025"]
[Source "ChessBase"]
[SourceDate "2024.10.14"]
[SourceVersion "1"]
[SourceVersionDate "2024.10.14"]
[SourceQuality "1"]

1. e4 c6 2. d4 d5 3. exd5 cxd5 4. Bd3 Nc6 5. c3 Qc7 6. Nf3 Bg4 7. h3 Bh5 8. 0-0 e6 9. Be3 Bd6 10. Nbd2 Nge7 11. Be2 Nf5 12. Qc2 Bg6 13. Qb3 Nxe3 14. fxe3 0-0 15. Nh4 a6 16. Nxg6 hxg6 17. e4 Bf4 18. exd5 Bxd2 19. dxc6 bxc6 20. Qc2 Bg5 21. Qe4 c5 22. dxc5 Qxc5+ 23. Kh1 Rab8 24. Rab1 a5 25. a4 Bf6 26. Bb5 Rfd8 27. Rbd1 Qg5 28. Qg4 Qxg4 29. hxg4 Kf8 30. Kh2 Be5+ 31. g3 Ke7 32. Kg2 f5 33. Rfe1 Kf6 34. g5+ Kxg5 35. Rxd8 Rxd8 36. Rxe5 Rd2+ 37. Kf3 Kf6 38. Re2 Rd6 39. b4 axb4 40. cxb4 Rd4 41. Rb2 g5 42. a5 e5 43. a6 g4+ 44. Kf2 Rd8 45. Bc6 Rc8 46. b5 f4 47. gxf4 exf4 48. a7 Rh8 49. a8Q Rh2+ 50. Bg2 f3 51. Qc6+ Kg5 52. Qd5+ Kh4 53. Qd8+ Kh5 54. Qh8+ Kg5 55. Qxh2 fxg2 56. Kxg2 Kf6 57. Qf4+ Ke7 58. Re2+ Kd7 59. Qd4+ Kc7 60. Re7+ Kb8 1-0

[Event "Titled Tuesday intern op 16th Jan Early"]
[Site "Chess.com INT"]
[Date "2024.01.16"]
[Round "4"]
[White "Tqebuchava, Zurab"]
[Black "Bogaudinov, Rushan"]
[Result "0-1"]
[WhiteElo "2303"]
[BlackElo "1853"]
[PlyCount "126"]
[EventDate "2024.01.16"]
[EventType "swiss (blitz)"]
[EventRounds "11"]
[EventCountry "USA"]
[SourceTitle "CBM 218 Extra"]
[Source "ChessBase"]
[SourceDate "2024.03.31"]
[SourceVersion "1"]
[SourceVersionDate "2024.03.31"]
[SourceQuality "1"]

1. e4 a5 2. a3 e6 3. d3 d5 4. Nd2 Nf6 5. Ngf3 Nc6 6. Be2 Be7 7. 0-0 0-0 8. h3 a4 9. c3 b6 10. e5 Nd7 11. d4 Bb7 12. Re1 Na5 13. Bd3 c5 14. Qxa4 Nc4 15. Qc2 h6 16. Nxc4 dxc4 17. Be4 Qc7 18. Bxb7 Qxb7 19. Qe4 Qc7 20. Qg4 Kh7 21. dxc5 Bxc5 22. Be3 Bxe3 23. Rxe3 Rad8 24. Re4 b5 25. Rae1 f5 26. exf6 Nxf6 27. Qxe6 Nxe4 28. Qxe4+ Kg8 29. Qg6 Qf7 30. Qxf7+ Rxf7 31. Nd4 Rd5 32. Re8+ Kh7 33. Rb8 Re5 34. Kf1 Rfe7 35. f3 Re1+ 36. Kf2 Rd1 37. Rxb5 Rd2+ 38. Kg3 Rd7 39. Rb4 Rd6 40. a4 Rg6+ 41. Kf4 Rf6+ 42. Ke3 Rxg2 43. f4 Rg3+ 44. Ke4 Rxh3 45. a5 Ra6 46. Ra4 Rh5 47. f5 g5 48. Kd5 g4 49. Kxc4 g3 50. Kb5 Ra8 51. Ra1 g2 52. Rg1 Rg5 53. b4 h5 54. a6 h4 55. Ka5 h3 56. Nf3 Rxf5+ 57. b5 Rxf3 58. b6 Rf1 59. b7 Raf8 60. a7 Rxg1 61. b8Q Ra1+ 62. Kb6 Rb1+ 63. Kc6 Rbxb8 0-1

[Event "Titled Tuesday intern op 16th Jan Late"]
[Site "Chess.com INT"]
[Date "2024.01.16"]
[Round "8"]
[White "Vujcic, Milena"]
[Black "Tqebuchava, Zurab"]
[Result "1-0"]
[WhiteElo "2076"]
[BlackElo "2303"]
[PlyCount "85"]
[EventDate "2024.01.16"]
[EventType "swiss (blitz)"]
[EventRounds "11"]
[EventCountry "USA"]
[SourceTitle "CBM 218 Extra"]
[Source "ChessBase"]
[SourceDate "2024.03.31"]
[SourceVersion "1"]
[SourceVersionDate "2024.03.31"]
[SourceQuality "1"]

1. e4 e5 2. Nf3 d6 3. d4 exd4 4. Nxd4 Nc6 5. Be3 Nf6 6. Nc3 Be7 7. Be2 Nxd4 8. Bxd4 a5 9. 0-0 0-0 10. f4 a4 11. a3 c6 12. Bf3 Be6 13. Re1 Re8 14. g4 d5 15. e5 Ne4 16. Nxe4 dxe4 17. Rxe4 Bd5 18. Re3 Bxf3 19. Rxf3 Qd5 20. Bf2 Qb5 21. Qd4 Rad8 22. Qc3 Qe2 23. Re1 Rd1 24. Rxd1 Qxd1+ 25. Kg2 Rd8 26. h3 h6 27. Rd3 Rxd3 28. Qxd3 Qb1 29. Bd4 Qc1 30. f5 Bh4 31. e6 fxe6 32. fxe6 Be7 33. Bf2 Qf4 34. Qf5 Qd6 35. c3 Bf6 36. h4 Qe7 37. Kh3 Qd6 38. g5 hxg5 39. hxg5 Be7 40. Qf7+ Kh8 41. Bd4 Bf8 42. g6 Qd5 43. Qxf8# 1-0

[Event "Titled Tuesday intern op 09th Jan Late"]
[Site "Chess.com INT"]
[Date "2024.01.09"]
[Round "6"]
[White "Peycheva, Gergana"]
[Black "Tqebuchava, Zurab"]
[Result "1-0"]
[WhiteElo "2271"]
[BlackElo "2303"]
[PlyCount "55"]
[EventDate "2024.01.09"]
[EventType "swiss (blitz)"]
[EventRounds "11"]
[EventCountry "USA"]
[SourceTitle "EXT 2025"]
[Source "ChessBase"]
[SourceDate "2024.10.14"]
[SourceVersion "1"]
[SourceVersionDate "2024.10.14"]
[SourceQuality "1"]

1. d4 d5 2. c4 c6 3. e3 Nf6 4. Nc3 e6 5. Nf3 Be7 6. b3 b6 7. Bb2 Bb7 8. Be2 0-0 9. 0-0 Nbd7 10. Qc2 dxc4 11. bxc4 c5 12. Rfd1 Rc8 13. dxc5 Bxc5 14. Ne5 Qe7 15. Nxd7 Nxd7 16. Ne4 Bxe4 17. Qxe4 Nf6 18. Qh4 Rfd8 19. Bd3 h6 20. a3 Nh7 21. Qe4 Nf8 22. Qg4 Qg5 23. Qe4 Rd7 24. h4 Qf5 25. Qxf5 exf5 26. Bxf5 Rxd1+ 27. Rxd1 Be7 28. Bxc8 1-0

[Event "Titled Tuesday intern op 09th Jan Late"]
[Site "Chess.com INT"]
[Date "2024.01.09"]
[Round "8"]
[White "Tqebuchava, Zurab"]
[Black "Reprintsev, Alexander"]
[Result "0-1"]
[WhiteElo "2303"]
[BlackElo "2234"]
[PlyCount "52"]
[EventDate "2024.01.09"]
[EventType "swiss (blitz)"]
[EventRounds "11"]
[EventCountry "USA"]
[SourceTitle "EXT 2025"]
[Source "ChessBase"]
[SourceDate "2024.10.14"]
[SourceVersion "1"]
[SourceVersionDate "2024.10.14"]
[SourceQuality "1"]

1. e4 d5 2. exd5 Qxd5 3. Nc3 Qa5 4. g3 Nf6 5. Bg2 Nc6 6. h3 e5 7. Nge2 Bf5 8. d3 0-0-0 9. Bxc6 bxc6 10. Be3 e4 11. d4 c5 12. 0-0 Bxh3 13. Re1 h5 14. Qd2 h4 15. Nxe4 Qxd2 16. Nxd2 hxg3 17. fxg3 Ng4 18. Nf4 cxd4 19. Bf2 Nxf2 20. Kxf2 Bf5 21. Nb3 Rh2+ 22. Kf3 g5 23. Ng2 g4+ 24. Kf2 Bxc2 25. Rac1 d3 26. Nd2 Bc5+ 0-1

[Event "Titled Tuesday intern op 26th Dec Late"]
[Site "Chess.com INT"]
[Date "2023.12.26"]
[Round "3"]
[White "Aashman, Gupta"]
[Black "Tqebuchava, Zurab"]
[Result "1/2-1/2"]
[WhiteElo "2235"]
[BlackElo "2303"]
[PlyCount "187"]
[EventDate "2023.12.26"]
[EventType "swiss (blitz)"]
[EventRounds "11"]
[EventCountry "USA"]
[SourceTitle "EXT 2025"]
[Source "ChessBase"]
[SourceDate "2024.10.14"]
[SourceVersion "1"]
[SourceVersionDate "2024.10.14"]
[SourceQuality "1"]

1. g3 d6 2. Bg2 g6 3. d4 Bg7 4. Nf3 Bg4 5. 0-0 Bxf3 6. Bxf3 c6 7. c4 Nf6 8. Nc3 0-0 9. Qb3 Qb6 10. Be3 Nbd7 11. Qc2 Rac8 12. c5 dxc5 13. Na4 Qc7 14. Nxc5 Nxc5 15. dxc5 Rfd8 16. a3 Nd5 17. Bc1 h5 18. e4 Nf6 19. Bf4 Qd7 20. Rfd1 Qe8 21. e5 Nd5 22. Bxd5 cxd5 23. e6 fxe6 24. Rac1 e5 25. Bg5 d4 26. Qb3+ Qf7 27. Qxb7 Bf6 28. Bxf6 Qxf6 29. Qe4 Rf8 30. Rd2 Rc6 31. b4 a6 32. a4 Rfc8 33. Rdc2 Qf5 34. Qxf5 gxf5 35. b5 axb5 36. axb5 d3 37. bxc6 dxc2 38. Rxc2 Rxc6 39. Rc4 Kf7 40. Kf1 e4 41. f3 exf3 42. Kf2 e5 43. Kxf3 Ke6 44. Rh4 Rxc5 45. Rxh5 Rc3+ 46. Ke2 e4 47. Rh8 Rc2+ 48. Ke3 Rc3+ 49. Kd4 Rd3+ 50. Kc4 Ke5 51. Re8+ Kf6 52. Rf8+ Kg5 53. Rg8+ Kf6 54. Rh8 Ke5 55. Rh6 Rd2 56. Kc3 Rd3+ 57. Kc2 Rd4 58. Rh8 Rd3 59. Rg8 Rd4 60. h4 Rd6 61. Kc3 Rd3+ 62. Kc2 Rd6 63. Re8+ Kd4 64. Kd2 Ra6 65. Rd8+ Ke5 66. Ke3 Ra3+ 67. Kf2 Ra2+ 68. Kf1 Ke6 69. h5 Kf6 70. Rg8 e3 71. Re8 Kg5 72. h6 Kxh6 73. Rxe3 Kg5 74. Rf3 Rb2 75. Rf4 Ra2 76. Kg1 Rb2 77. Kf1 Ra2 78. Rb4 Rc2 79. Ra4 Rb2 80. Rc4 Ra2 81. Rb4 Rc2 82. Rd4 Ra2 83. Rd5 Rb2 84. Rc5 Ra2 85. Re5 Rb2 86. Ra5 Rc2 87. Ra4 Rb2 88. Kg1 Rc2 89. Kh1 Rb2 90. Rc4 Ra2 91. Kg1 Rb2 92. Kf1 Ra2 93. Ke1 Rb2 94. Kf1 1/2-1/2